Which country has Russia most similarty on dna - Statistics

General Stats
  • This quiz has been taken 80 times
  • The average score is 17 of 20
Answer Stats
Rank Country % Correct
2 Ukraine
100%
1 Belarus
98%
6 Finland
91%
8 Kazakhstan
91%
12 Moldova
91%
7 Poland
91%
15 Romania
89%
3 Estonia
88%
5 Lithuania
88%
13 Bulgaria
86%
4 Latvia
86%
14 Serbia
86%
19 Slovakia
86%
9 Georgia
85%
10 Armenia
80%
20 Hungary
80%
11 Azerbaijan
79%
18 Czechia
74%
16 Turkey
70%
17 Greece
67%
No matching quizzes found
Score Distribution
Percent of People with Each Score
Percentile by Number Answered
Your Score History
You have not taken this quiz